Nombra los 10 puertos comerciales más grandes del mundo - Estadísticas

Estadísticas generales
  • Esta prueba ha sido intentada 34 veces
  • La puntuación promedio es 4 de 20
Estadísticas de respuestas
Respuesta % Correcto
Róterdam
46%
Shangai
42%
Singapur
38%
Singapur
38%
Cantón
29%
China
29%
China
29%
China
29%
China
29%
China
29%
China
29%
Busán
17%
Países Bajos
17%
Qingdao
13%
Australia
8%
Corea del Sur
8%
Dalián
8%
Tianjín
4%
Ningbó
0%
Puerto Hedland
0%
No se encontraron pruebas coincidentes
Distribución de puntuación
Porcentaje de gente con cada puntuación
Porcentaje por número respondido
Historial de tus puntuaciones
No has intentado esta prueba.